Domine Microsoft Office 2000 premium / Francisco Pascual Gonz lez (Registro nro. 15581)
[ vista simple ]
| 000 -LÍDER | |
|---|---|
| fixed length control field | 00508nam a2200157 4500 |
| 008 - ELEMENTOS DE LONGITUD FIJA -- INFORMACIÓN GENERAL | |
| fixed length control field | 0 2000 0al 000 0MEX |
| 020 ## - NÚMERO INTERNACIONAL NORMALIZADO PARA LIBROS | |
| ISBN | 970-15-0502-6 |
| 050 ## - SIGNATURA TOPOGRAFICA DE LA BIBLIOTECA DEL CONGRESO (LC) | |
| Número de Clasificación | HF5548.4 M525 P76 |
| 082 ## - NUMERO DE CLASIFICACION DECIMAL DEWEY | |
| Número de Clasificación | 005.369.21 P277dpre |
| 100 ## - ASIENTO PRINCIPAL--NOMBRE PERSONAL | |
| Nombre personal | Pascual Gonz lez, Francisco |
| 245 ## - TÍTULO | |
| Título | Domine Microsoft Office 2000 premium / Francisco Pascual Gonz lez |
| 260 ## - PUBLICACIÓN, DISTRIBUCIÓN, ETC. (PIE DE IMPRENTA) | |
| Lugar de publicación, distribución, etc. | México : Alfaomega |
| 300 ## - DESCRIPCIÓN FÍSICA | |
| Extensión | 1029 p. / 23 cm. |
| 500 ## - NOTA GENERAL | |
| Nota general | Incluye CD-ROM |
| 650 ## - ASIENTO SECUNDARIO DE MATERIA - TERMINO TEMÁTICO | |
| Término temático o nombre geográfico como elemento de entrada | 1.MICROSOFT OFFICE 2000 (PROGRAMA DE COMPUTADORA) |
| No. biblioteca | No. biblioteca | Número de clasificación | Código de barras/Número de adquisición | Número de copia | Tipo de material |
|---|---|---|---|---|---|
| LUIS G. INCLAN | LUIS G. INCLAN | 005.369.21 P277dpre | 41299 | 1 | Libros |
| LUIS G. INCLAN | LUIS G. INCLAN | 005.369.21 P277dpre | 41300 | 2 | Libros |
| LUIS G. INCLAN | LUIS G. INCLAN | 005.369.21 P277dpre | 41301 | 3 | Libros |
| LUIS G. INCLAN | LUIS G. INCLAN | 005.369.21 P277dpre | 41302 | 4 | Libros |
| LUIS G. INCLAN | LUIS G. INCLAN | 005.369.21 P277dpre | 41303 | 5 | Libros |
| LUIS G. INCLAN | LUIS G. INCLAN | 005.369.21 P277dpre | 43255 | 6 | Libros |
| LUIS G. INCLAN | LUIS G. INCLAN | 005.369.21 P277dpre | 43256 | 7 | Libros |
